000
00290nam a22001337a 4500
041
_a
ENG
100
_a
Jha.J
245
_a
Constrution And Foundation Engineering
260
_a
New Delhi
_b
Khanna Publishers
_c
1995
300
_a
991
650
_a
48
700
_a
Sinha.S.K
856
_u
48
999
_c
3108
_d
3108